Least Populated State Capitals - Statistics

General Stats
  • This quiz has been taken 33 times
  • The average score is 8 of 10
Answer Stats
Hint Answer % Correct
7,855 Montpelier
100%
14,070 Pierre
92%
18,500 Augusta
83%
43,400 Concord
83%
38,400 Dover
79%
32,200 Juneau
79%
28,105 Frankfort
75%
32,285 Helena
75%
42,600 Jefferson City
58%
39,340 Annapolis
38%
No matching quizzes found
Score Distribution
Percent of People with Each Score
Percentile by Number Answered
Your Score History
You have not taken this quiz